00965nam a22002537a 4500003000500000005001700005008004100022010001000063011001000073035001100083040000900094100003000103245017100133260004000304300004100344502007700385530003600462650004300498650002900541650003200570650002900602856006400631856001600695CHAP20220329143559.0100624s2010 mx r 00010 spa d a98808 a99780 a110466 cCHAP1 aArenas Bonifacio, Alfonso10aDiagnóstico de la producción y rentabilidad del cultivo de limón persa (Citrus latifolia Tan.) en San Pedro, Tlapacoyan, Veracruzc/por Alfonso Arenas Bonifacio aChapingo, Méx. :bEl autor,c2010 av, 92 h. :bcuadros, gráfs. , mapa aTesis (Ing. Agr. Esp. en Fitotecnia) -- UACH. Departamento de Fitotecnia aTambién disponible en línea14aLimón persaxCostos de producción.14aLimón persaxMercadeo.14aLimón persaxRendimiento.14aLimón persazVeracruz. 3Finding aiduhttp://10.13.5.2/tesis/110466.pdfzTeclea aqui a1 n0000495